Retratos de la antigüedad romana y la primera cristiandad

Guardat en:
Dades bibliogràfiques
Autor principal: Vidal Guzmán, Gerardo (Autor)
Format: Llibre
Idioma:espanyol
Publicat: Santiago Universitaria 2003
Col·lecció:El Saber y la Cultura
Matèries:
Etiquetes: Afegir etiqueta
Sense etiquetes, Sigues el primer a etiquetar aquest registre!

MARC

LEADER 00000nam a2200000 a 4500
001 UCL0684
003 CL-VaPUC
008 030808e20030000CL |||||||||||||||||spa|d
020 |a 9561116413 
082 0 4 |a 937  |b VID  |2 21 
100 0 |a Vidal Guzmán, Gerardo  |e author  |9 477442 
245 1 0 |a Retratos de la antigüedad romana y la primera cristiandad 
300 |a 279 p 
942 |c BK 
945 |d 20030808 00:00:00  |a cmena 
260 |a Santiago  |b Universitaria  |c 2003 
650 0 |a Historia de Roma   |9 315349 
650 0 |a Biografías  |9 255210 
650 0 |a Literatura romana  |9 344825 
650 0 |a Filosofía romana   |9 344946 
650 0 |a Investigación científica  |9 259857 
651 0 |a Roma   |9 255106 
583 |a last modification  |c 20030808 00:00:00  |k Rodrigo Vera 
490 0 |a El Saber y la Cultura 
999 |c 304499  |d 304497 
952 |0 0  |1 0  |4 0  |6 937_000000000000000_VID_2003  |7 0  |8 A  |9 366831  |a BIBHIS  |b BIBHIS  |d 2019-11-21  |i 3914682  |l 1  |o 937 VID 2003  |p 3914682  |r 2025-01-20  |s 2024-05-27  |w 2019-11-21  |y BK  |k HIS